South Eastern Kenya University

Library Online Public Access Catalogue


Human Development / (Record no. 3530)

MARC details
000 -LEADER
fixed length control field 00337nam a22001457a 4500
020 ## - INTERNATIONAL STANDARD BOOK NUMBER
International Standard Book Number 9780071285308
050 ## - LIBRARY OF CONGRESS CALL NUMBER
Classification number BF713
Item number .C73 2009
100 ## - MAIN ENTRY--PERSONAL NAME
Personal name Crandell, Thomas L.
245 ## - TITLE STATEMENT
Title Human Development/
250 ## - EDITION STATEMENT
Edition statement 9th Edition
260 ## - PUBLICATION, DISTRIBUTION, ETC. (IMPRINT)
Place of publication, distribution, etc. Boston
Name of publisher, distributor, etc. McGraw Hill
Date of publication, distribution, etc. 2009
300 ## - PHYSICAL DESCRIPTION
Extent xx, 651p.
650 ## - SUBJECT ADDED ENTRY--TOPICAL TERM
Topical term following geographic name as entry element Human Development
942 ## - ADDED ENTRY ELEMENTS (KOHA)
Koha item type General circulation
Holdings
Withdrawn status Lost status Source of classification or shelving scheme Damaged status Not for loan Home library Current library Shelving location Date acquired Cost, normal purchase price Total Checkouts Total Renewals Full call number Barcode Date last seen Date last checked out Cost, replacement price Price effective from Koha item type
    Library of Congress Classification     Kitui Town Campus Library Kitui Town Campus Library General Stacks 31/03/2015 6546.75     BF 713 .C73 2009 007486 31/03/2015   7046.00   General circulation
    Library of Congress Classification     Kitui Town Campus Library Kitui Town Campus Library General Stacks 17/03/2025       BF713 .C73 2009 2024/027155 17/03/2025     17/03/2025 General circulation
    Library of Congress Classification     Main Campus Library Main Campus Library General Stacks 12/09/2014 6546.75 2   BF 713 .C73 2009 007487 18/11/2014 18/11/2014 7046.00 12/09/2014 General circulation
Kitui, Kenya.
+254736116989
library@seku.ac.ke